00777nam a2200181 a 450000100100000000500170001000800410002704000250006810000430009324500840013626000480022030000440026850000730031250400310038558600570041695201050047399900170057800003667420200930075851.0120124s1988 cu ag 000 0 spa d aDO-SdBNPbspacBNPHU1 aVinueza, María Elena,d1959 -96295310aPresencia arara en la música folklorica de matanzas /cMaría Elena Vinueza. aLa Habana :bCasa de las Américas,c1988. a159 p. :bil., mús., retrs. ;c25 cm. aIncluye referencias bibliográficas y notas al pie de las páginas aBibliografía: p. 155-159 aPremio de musicología, Casa de las Américas 1986 001050718MOaGRbGRcCTd2012-01-24iLF1l0o p36674-10r2020-06-25w2020-06-25y1ZNo se presta c36165d36165